Construcción de fenomenologías y procesos de formalización : un sentido para la enseñanza de las ciencias

Gespeichert in:
Bibliographische Detailangaben
1. Verfasser: Malagón Sánchez, José Francisco
Weitere Verfasser: Ayala Manrique, María Mercedes, Sandoval Osorio, Sandra
Format: Buch
Sprache:Spanish
Veröffentlicht: Bogotá : Universidad Pedagógica Nacional : CIUP, 2013.
Schlagworte:
Online Zugang:Enlace del recurso
Tags: Tag hinzufügen
Keine Tags, Fügen Sie den ersten Tag hinzu!

MARC

LEADER 00000nam a2200000 a 4500
003 OSt
005 20160903174646.0
008 141001s2013 ck a d gr 00011 spa d
020 |z 9789588650456 
040 |b spa   |c CO-BoIIE 
041 |a spa 
082 0 4 |a 507   |b M15c  
100 1 |a Malagón Sánchez, José Francisco.  |9 531 
245 1 0 |a Construcción de fenomenologías y procesos de formalización :   |b un sentido para la enseñanza de las ciencias   |c José Francisco Malagón Sánchez, María Mercedes Ayala Manrique, Sandra Sandoval Osorio. 
260 |a Bogotá :   |b Universidad Pedagógica Nacional :   |b CIUP,   |c 2013. 
300 |a 165 p. :   |b il., gráficas ;  
650 4 |a Ciencia  |x  Enseñanza.  |9 1631 
650 4 |a Fenomenología.  |9 1632 
650 4 |a Ciencia  |x  Enseñanza  |x  Historia.  |9 1633 
700 1 |a Ayala Manrique, María Mercedes.  |9 529 
700 1 |a Sandoval Osorio, Sandra.  |9 1264 
942 |2 ddc  |c BK 
949 |a n   |b n 
999 |c 5063  |d 5063 
856 |u https://catalogo.idep.edu.co/cgi-bin/koha/opac-detail.pl?biblionumber=5063  |z Enlace del recurso